00489nam a2200157Ia 4500008004100000020001800041040001800059041000800077100004400085245005700129260005000186300001800236650003100254650002400285650002200309130821s2007 sp gr spa  a9788498163377 aCo-BoUCMbspa00aspa1 aJuana Inés de La Cruz, Sord1651-169514aLos empeños de una casacSor Juana Ines de la Cruz aBarcelona (España)bLinkgua Edicionesc2007 a201 páginas04aLiteratura latinoamericana04aLiteratura mexicana04aPoesía mexicana